00445nam a22001457a 4500003000700000005001700007008004100024082002100065100002300086245007700109260003700186300000800223490003700231650003100268MPLRDC20220104142729.0210129b ||||| |||| 00| 0 eng d a628.3 GMGM-4 v.2 a王多年总编著 a国民革命战史. 第四部: 反共戡乱. 上篇 剿匪. 第二卷c ab黎明文化事业公司c1982 b精 a国民革命战史: 第四部. 2 a中国现代史; 民国史